000 00538nam a2200181 a 4500
005 20231013063610.0
008 991125s1897 sai 000 0 spa u
035 _aUPN01000041521
049 _aLT
050 4 _aLB1583 M6
_bT7.6
100 1 _aTrigo, José M.
245 1 0 _aNociones de geografía física universal /
_cpor José M. Trigo
260 _aSaint Louis, E.U.A. :
_bSpanish-American,
_c1897
300 _a80 p. :
_bil.
650 4 _aGeografía
_xEstudio y enseñanza (Elemental)
_92801
904 _aAC
_b041523
905 _aLibro
999 _c41521
_d41521